Przywódcy państw arabskich - Statystyki

Ogólne statystyki
  • Ten quiz został rozwiązany 9 razy
  • Średni wynik to 7 z 20
Statystyki odpowiedzi
Obrazkowy Odpowiedź % Poprawnych
Irak
100%
Libia
88%
Syria
75%
Palestyna
63%
Egipt
50%
Arabia Saudyjska
38%
Oman
38%
Zjednoczone Emiraty Arabskie
38%
Egipt
25%
Irak
25%
Maroko
25%
Sudan
25%
Syria
25%
Tunezja
25%
Tunezja
25%
Algieria
13%
Egipt
13%
Jemen
13%
Jordania
13%
Libia
13%
Nie znaleziono quizów pasujących do podanych kryteriów
Rozkład punktacji
Procent ludzi z każdym wynikiem
Percentyl według liczby udzielonych odpowiedzi
Twoja historia wyników
Nie rozwiązałeś tego quizu